000 00613nam a2200217Ia 4500
005 20250923145517.0
008 008 250917s9999 xx 000 0 eng d
037 _aTextual
040 _aDSWL
_beng
_cDSWL
041 _aeng
_2eng
084 _aY:435.218'N77, N79
_qDSWL
100 _aCohen, S.P.
_9836064
245 4 _aThe Andhra cyclone of 1977
_c by S.P.Cohen
260 _aNew Delhi
_bDelhi Vikas
_c1979
300 _avi,131p.
365 _aINR
_b50
700 _a C.V. Raghavulu
_9836065
925 _g50
942 _cTEXL
_hY:435.218'N77, N79
999 _c1452240
_d1452240